| 000 | 00475 a2200169 4500 | ||
|---|---|---|---|
| 999 |
_c26623 _d26623 |
||
| 008 | 230622b ||||| |||| 00| 0 eng d | ||
| 020 |
_a9789811698880 _cEuro79.99 |
||
| 041 | 0 | _aeng | |
| 082 | 0 | 0 |
_a387.1 _bM6181 |
| 100 | _aMi, Weijian | ||
| 245 |
_aSmart Ports / _cWeijian Mi, and Yuan Liu |
||
| 260 |
_aShanghai: _bSpringer nature, _c2022. |
||
| 300 |
_axi, 201 p. : _bill. ; _c25 cm |
||
| 650 | 0 |
_aHarbors _xData processing |
|
| 700 |
_95527 _aLiu, Yuan |
||
| 942 |
_2ddc _cBK |
||